000 00431nam a22001577a 4500
005 20250811110531.0
008 250811b |||||||| |||| 00| 0 eng d
050 _aP 90 .T87 2011
100 _aTUROW, JOSEPH
245 _aMEDIA TODAY
_bAN INTRODUCTON TO MASS COMMUNICATION
250 _a4TH EDITION.
260 _aNEW YORK
_bROUTLEDGE
_c2011
300 _aXXXXI, 621P., ILLU
500 _aINCLUCLEDES INDEX
942 _2lcc
_cBK
999 _c216008
_d216008